000 01764nam a2200349Ia 4500
001 dia_2444
003 CHAP
005 20240222090433.0
007 ta
008 220117s2002 mx a f 001 0 spa d
040 _cCHAP
_amxchpua
090 _aT.C.340
_bP66 IAI
_c2002
245 1 0 _aReporte final del viaje de estudios región Huasteca Tamaulipeca /
_ccoordinador Pedro Ponce Hernández ; colaboradores Miriam Hernández Vázquez...[et al.]
260 _aMéxico :
_bEl autor,
_c2002
300 _a24 hojas :
_bilustraciones, tablas, diagramas
336 _2rdacontent
_atexto
_btxt
337 _2rdamedia
_asin medio
_bn
338 _2rdacarrier
_avolumen
_bnc
500 _aGrado 5° Grupo 3
502 _aViaje de Estudios
_b(IAI) --
_cUACh. Departamento de Ingeniería Agroindustrial,
_d2002
505 _a
_tEmpresas visitadas : -- 1.Ingenio Mante, S. A. de C. V. -- 2.Rastro tipo Inspección Federal No. 195 de la SAGARPA, municipio de Aldama -- 3.Alimentos y corrales de Aldama S. P. R. del R. P. -- 4.INIFAP -- 5.Sociedad de Producción Rural AUZA, Altamira, Tamaulipas -- 6.Impulsora de Pescados y Mariscos, S. A de C. V. -- 7.Acuacultura Tecnificada de Tamaulipas, S. A. de C. V. -- 8.Empacadora de cítricos Citro-Sel, S. A. de C. V. -- 9.Grupo Industrial Santa Engracia
650 1 3 _aIndustria de los alimentos
_9152869
_zMéxico
_zTamaulipas
650 1 3 _aFood industry
_9152868
_zMexico
_zTamaulipas
700 1 _aPonce Hernández, Pedro
_9147918
_ecoordinador
700 1 _aHernández Vázquez, Miriam de los Angeles
_954750
_ecolaboradora
901 _aT.C.340 P66 IAI 2002
902 _aM
905 _a5232272002 mx in 8223123322spa16
942 _2local
942 _cVE
999 _c172967
_d172967